000 00301nam a22001457a 4500
008 210305b ||||| |||| 00| 0 eng d
020 _a0679431349
041 _aeng
080 _a32
082 _a32
100 _a19
101 _aSHP
245 _aDemocracy in America
_cRyan,A
942 _2udc
_cBK
999 _c55833
_d55833